Digital electronics with VHDL / (Include CD) (Record no. 175651)
[ view plain ]
| 000 -LEADER | |
|---|---|
| fixed length control field | 00952 a2200193 4500 |
| 003 - CONTROL NUMBER IDENTIFIER | |
| control field | Nust |
| 005 - DATE AND TIME OF LATEST TRANSACTION | |
| control field | 20220810113713.0 |
| 010 ## - LIBRARY OF CONGRESS CONTROL NUMBER | |
| LC control number | 2003040506 |
| 020 ## - INTERNATIONAL STANDARD BOOK NUMBER | |
| International Standard Book Number | 0131100807 |
| 040 ## - CATALOGING SOURCE | |
| Transcribing agency | Nust |
| 082 00 - DEWEY DECIMAL CLASSIFICATION NUMBER | |
| Classification number | 621.381,KLE |
| 100 1# - MAIN ENTRY--PERSONAL NAME | |
| Personal name | Kleitz, William. |
| 9 (RLIN) | 96710 |
| 245 10 - TITLE STATEMENT | |
| Title | Digital electronics with VHDL / (Include CD) |
| Statement of responsibility, etc. | William Kleitz. |
| 260 ## - PUBLICATION, DISTRIBUTION, ETC. | |
| Place of publication, distribution, etc. | Upper Saddle River, N.J. : |
| Name of publisher, distributor, etc. | Pearson/Prentice Hall, |
| Date of publication, distribution, etc. | c2004. |
| 300 ## - PHYSICAL DESCRIPTION | |
| Extent | xxiv, 936 p. : |
| Other physical details | ill. (some col.) ; |
| Dimensions | 29 cm. + |
| Accompanying material | 2 CD ROM (4 3/4 in.) |
| 505 ## - FORMATTED CONTENTS NOTE | |
| Formatted contents note | Number System and Codes (Page-2), Digital Electronic Signal (Page-28), Basic Logic (Page-58), Programming logic Device (Page-104), Boolean Algebra (Page-144), Exclusive (Page-222), Logic Families and Their Characters (Page-360), Practical Consideration for Digital (Page-458), Shift Registers (Page-592), Interfacing to the analog (Page-678),The80510Microcontroller (Page-776). |
| 650 #0 - SUBJECT ADDED ENTRY--TOPICAL TERM | |
| Topical term or geographic name entry element | Telecommunication Engineering. |
| 942 ## - ADDED ENTRY ELEMENTS (KOHA) | |
| Koha item type | Reference |
| Source of classification or shelving scheme | |
| Withdrawn status | Lost status | Source of classification or shelving scheme | Damaged status | Not for loan | Permanent Location | Current Location | Shelving location | Date acquired | Full call number | Barcode | Date last seen | Price effective from | Koha item type | Public note |
|---|---|---|---|---|---|---|---|---|---|---|---|---|---|---|
| Military College of Signals (MCS) | Military College of Signals (MCS) | Reference | 12/12/2016 | 621.381,KLE | MCS30851 | 12/08/2016 | 12/12/2016 | Reference | Almirah No.21, Shelf No.1 |
